Guess the Music Artist from the Symbol or Mascot? - Statistics

General Stats
  • This quiz has been taken 22 times
  • The average score is 8 of 32
Answer Stats
Picture Answer % Correct
The Rolling Stones
94%
Van Halen
82%
Nirvana
76%
Foo Fighters
65%
Grateful Dead
53%
Marshmello
41%
AC/DC
35%
ZZ Top
35%
Led Zeppelin
29%
Avenged Sevenfold
24%
Blink-182
24%
Iron Maiden
24%
Limp Bizkit
24%
Megadeth
24%
deadmau5
18%
Motörhead
18%
Weezer
18%
Aphex Twin
12%
Five Finger Death Punch
12%
Ghost
12%
Jamiroquai
12%
Radiohead
12%
Nine Inch Nails
6%
Rammstein
6%
Sleep Token
6%
Soundgarden
6%
The Living Tombstone
6%
The Prodigy
6%
Mushroomhead
0%
Pink Floyd
0%
Skrillex
0%
Static-X
0%
No matching quizzes found
Score Distribution
Percent of People with Each Score
Percentile by Number Answered
Your Score History
You have not taken this quiz